000 01152pam a2200313 a 4500
001 4945791
003 SISC
005 20160404131041.0
008 961030r19971977enk b 000 0 eng
010 _a 96039502
020 _a0415135591 (hbk.)
020 _a0415135605 (pbk.)
040 _aDLC
_cDLC
_dDLC
050 0 0 _aHV 4711
_b.C58 1997
082 0 0 _aHS 179.3
_bC58 1997
100 1 _aClark, Stephen R. L.
_913975
245 1 0 _aAnimals and their moral standing /
_cStephen R.L. Clark.
260 _aLondon :
_bRoutledge,
_cc1997.
300 _a194 p. :
_c24 cm.
500 _aIncludes bibliographical references (p. 183-189) and index.
650 0 _aAnimal rights.
_913976
650 0 _aAnimal welfare
_xMoral and ethical aspects.
_913977
650 0 _aAnimal psychology.
_913978
856 4 2 _3Publisher description
_uhttp://www.loc.gov/catdir/enhancements/fy0649/96039502-d.html
906 _a7
_bcbu
_corignew
_d1
_eocip
_f19
_gy-gencatlg
942 _2lcc
_cBK
999 _c9528
_d9528